Diseño y modelo 3D (Registro nro. 21921)

Detalles MARC
000 -Cabecera
Campo de control interno 00932nam a2200289Ia 4500
005 - Fecha y hora del registro
control field 20260320113325.0
008 - Elementos de Longitud Fija
fixed length control field 260320s9999||||xx |||||||||||||| ||und||
020 ## - ISBN
ISBN 9786074815016
041 ## - Idioma
Codigo Idioma ESP
082 ## - DEWEY y NOTACIÓN INTERNA
Dewey 005.4
Notación Interna C235
100 ## - AUTOR
Autor denominación
Término de relación
110 ## - AUTOR INSTTITUCIONAL
Autor Institucional Centro de Computación Profesional de México (CCPM)
245 #0 - TÍTULO DE MATERIAL BIBLIOGRÁFICO
Título Diseño y modelo 3D
Título paralelo
246 ## - TÍTULO TRADUCIDO
Título
Título paralelo
Autor
250 ## - EDICIÓN
Edición [Primera edición]
260 ## - CIUDAD, EDITORIAL, AÑO
Ciudad México, D. F. :
Nombre de la Editorial Cengage Learning,
Año 2011
300 ## - DESCRIPCIÓN
N° Páginas xxx, 267 páginas :
Otros detalles ilustraciones ;
Dimensiones 23 cm.
Material Adicional
440 ## - MENCIÓN DE SERIE
Título de la Serie
Número de Serie
Volumen de Serie
500 ## - NOTA GENERAL
Nota General No tiene portada / Datos extraídos de Universidad Nacional Micaela Bastidas
650 ## - TEMAS
Temas Generalidades
653 ## - DESCRIPTORES
Lenguajes no controlado Blender; Curvas - Textos
654 ## - PROGRAMAS
Programa
700 ## - OTROS AUTORES
Otros autores
Títulos y otras palabras asociadas con el nombre
856 ## - URL - UBICACIÓN
URI/URL: Enlace exacto del recurso <a href="https://0u206lrml-y-https-ieeexplore-ieee-org.itmsp.museknowledge.com/Xplore/home.jsp">https://0u206lrml-y-https-ieeexplore-ieee-org.itmsp.museknowledge.com/Xplore/home.jsp</a>
Nota pública: Versión digital <a href="Véase además: Base de datos IEEE Xplore">Véase además: Base de datos IEEE Xplore</a>
942 ## - ELEMENTOS DE KOHA
Tipo de documento Libro
Nombre del creador Justo Noguera
Código de catalogador Margarita Torres
Esquema de clasificación Dewey Decimal Classification
Suppress in OPAC
Existencias
Codigo completo Registro Colección Copia número Disponibilidad Tipo de préstamo Biblioteca Actual Procedencia (Biblioteca) Ubicacón Fecha Ingreso Tipo de Adquisición Observación Date last seen Total checkouts Price effective from Tipo de Item Estado del Material Fuente de Clasificación Damaged status Withdrawn status
005.4 C235 1086319 Universidad Católica San Pablo 1 Disponible Disponible Víctor Andrés Belaunde Víctor Andrés Belaunde Segundo piso 10/03/2026 Donación Libun 20/03/2026   20/03/2026 Libro Bueno Dewey Decimal Classification